Asia-Pacific Fishing Livelihoods (Record no. 22852)
[ view plain ]
| 000 -LEADER | |
|---|---|
| fixed length control field | 00651nam a2200121Ia 4500 |
| 008 - FIXED-LENGTH DATA ELEMENTS--GENERAL INFORMATION | |
| fixed length control field | 220620s9999||||xx |||||||||||||| ||und|| |
| 100 ## - MAIN ENTRY--PERSONAL NAME | |
| Personal name | Fabinyi, Michael||Barclay, Kate |
| 245 #0 - TITLE STATEMENT | |
| Title | Asia-Pacific Fishing Livelihoods |
| 546 ## - LANGUAGE NOTE | |
| Language note | English[eng] |
| 650 ## - SUBJECT ADDED ENTRY--TOPICAL TERM | |
| Topical term or geographic name entry element | Fisheries||marine social science||fishing livelihoods in the Asia-Pacific||sustainable fishing||environmental sustainability||food security||coastal conservation||fish stocks||fisheries governance||Fishing livelihoods and social diversity||Fishing livelihoods and wellbeing||Open Access |
| 856 ## - ELECTRONIC LOCATION AND ACCESS | |
| Uniform Resource Identifier | <a href="https://library.oapen.org/bitstream/20.500.12657/50958/1/978-3-030-79591-7.pdf">https://library.oapen.org/bitstream/20.500.12657/50958/1/978-3-030-79591-7.pdf</a> |
| 942 ## - ADDED ENTRY ELEMENTS (KOHA) | |
| Koha item type | E-Books |
| Withdrawn status | Lost status | Damaged status | Not for loan | Home library | Current library | Date acquired | Total Checkouts | Date last seen | Price effective from | Koha item type |
|---|---|---|---|---|---|---|---|---|---|---|
| Kerala University of Digital Sciences, Innovation and Technology Knowledge Centre | Kerala University of Digital Sciences, Innovation and Technology Knowledge Centre | 20/06/2022 | 20/06/2022 | 20/06/2022 | E-Books |